000 00203nam a2200097Ia 4500
008 240331s9999 xx 000 0 und d
082 _bPER
100 _aPercival, P
245 0 _aTamil proverbs
942 _cL
999 _c3229
_d3229